| 000 | 00352cam a2200145ua 4500 | ||
|---|---|---|---|
| 041 |
_ahin _h |
||
| 082 |
_a891.54 _bVRI/MU |
||
| 100 | _aVridavan Lal , Varma . | ||
| 245 |
_aMusahibaju / _cVridavan lal Varma. _hTextual Documents |
||
| 260 |
_a : _bMayur prakashan , _c1963. |
||
| 300 | _a111 ; . | ||
| 504 | _a | ||
| 942 | _cBK | ||
| 999 |
_c11936 _d11936 |
||